[Event "CRO-chT2 Center 23rd"]
[Site "Grubisno Polje"]
[Date "2014.09.14"]
[Round "9.65"]
[White "Grkinic, Goran"]
[Black "Gabre, Zeljko"]
[Result "0-1"]
[WhiteElo "2037"]
[BlackElo "2114"]
[PlyCount "62"]
[EventDate "2014.03.02"]
[EventType "team-match"]
[EventRounds "11"]
[EventCountry "CRO"]
[SourceTitle "EXT 2016"]
[Source "ChessBase"]
[SourceDate "2015.10.08"]
[SourceVersion "1"]
[SourceVersionDate "2015.10.08"]
[SourceQuality "1"]

1. g3 g6 2. Nf3 Bg7 3. Bg2 d6 4. 0-0 Nf6 5. d4 0-0 6. c4 c5 7. d5 e5 8. Nc3 Nbd7 9. Qc2 Qe7 10. Bd2 Re8 11. a4 Nf8 12. e4 Nh5 13. Nh4 h6 14. Ne2 Bg4 15. f3 Bd7 16. f4 exf4 17. Nxf4 Nxf4 18. Rxf4 Bf6 19. Raf1 Nh7 20. Nxg6 Bd4+ 21. Kh1 fxg6 22. e5 Bf5 23. Rxf5 gxf5 24. Bxh6 Qxe5 25. Rxf5 Qe2 26. Qb3 Qg4 27. Rf1 b6 28. h3 Qg6 29. Bc1 Rf8 30. Re1 Rae8 31. Rd1 Rf2 0-1

[Event "CRO-chT2 Center 23rd"]
[Site "Grubisno Polje"]
[Date "2014.03.02"]
[Round "2.5"]
[White "Gabre, Zeljko"]
[Black "Takac, Zvonko"]
[Result "0-1"]
[WhiteElo "2114"]
[BlackElo "2020"]
[PlyCount "120"]
[EventDate "2014.03.02"]
[EventType "team-match"]
[EventRounds "11"]
[EventCountry "CRO"]
[SourceTitle "EXT 2016"]
[Source "ChessBase"]
[SourceDate "2015.10.08"]
[SourceVersion "1"]
[SourceVersionDate "2015.10.08"]
[SourceQuality "1"]

1. e4 c6 2. d4 d5 3. e5 Bf5 4. Bd3 Bxd3 5. Qxd3 e6 6. Nf3 Qb6 7. Nbd2 c5 8. c3 Nc6 9. 0-0 cxd4 10. cxd4 0-0-0 11. a3 Nge7 12. b4 h6 13. Nb3 g5 14. Be3 Nf5 15. Nfd2 Kb8 16. Nc5 Bxc5 17. bxc5 Qc7 18. Rfb1 Nxe5 19. dxe5 d4 20. Bf4 gxf4 21. Qe4 Rd5 22. Nc4 Qxc5 23. Rc1 Rc8 24. Qxf4 Qe7 25. g4 Rdc5 26. gxf5 Rxc4 27. Rxc4 Rxc4 28. Qxh6 exf5 29. Re1 d3 30. e6 fxe6 31. Rxe6 Qd8 32. Rd6 Qg8+ 33. Kf1 f4 34. Rxd3 Rc1+ 35. Ke2 Qg4+ 36. Rf3 Rc2+ 37. Kd1 Qxf3+ 38. Kxc2 Qxf2+ 39. Kd3 Qe3+ 40. Kc4 Qe4+ 41. Kb3 f3 42. Qd6+ Kc8 43. Qf8+ Kd7 44. Qf7+ Kd6 45. Qf8+ Ke5 46. Qg7+ Ke6 47. Qg8+ Kd6 48. Qf8+ Kc6 49. Qf6+ Kb5 50. Qg5+ Ka6 51. Qf6+ b6 52. Qf8 Qd3+ 53. Kb2 Qb5+ 54. Ka2 Qc4+ 55. Kb1 Qd3+ 56. Kb2 Qd4+ 57. Kb3 f2 58. Qc8+ Ka5 59. Qf5+ b5 60. Qf8 Qd3+ 0-1

[Event "CRO-chT2 Center"]
[Site "Zagreb"]
[Date "2012.04.01"]
[Round "6.22"]
[White "Gabre, Zeljko"]
[Black "Lisenko, Alexander V"]
[Result "0-1"]
[WhiteElo "2174"]
[BlackElo "2345"]
[PlyCount "98"]
[EventDate "2012.03.18"]
[EventType "team-swiss"]
[EventRounds "11"]
[EventCountry "CRO"]
[SourceTitle "EXT 2014"]
[Source "ChessBase"]
[SourceDate "2013.11.20"]
[SourceVersion "1"]
[SourceVersionDate "2013.11.20"]
[SourceQuality "1"]

1. e4 c5 2. Nf3 Nc6 3. c3 Nf6 4. d4 cxd4 5. e5 Nd5 6. Bc4 Nb6 7. Bb5 dxc3 8. Nxc3 g6 9. e6 dxe6 10. Bxc6+ bxc6 11. Qxd8+ Kxd8 12. Ne5 Ke8 13. a4 Bg7 14. Nxc6 Bb7 15. Nb4 a5 16. Nd3 Bxg2 17. Rg1 Bc6 18. Nb5 Bxb5 19. axb5 Bd4 20. Be3 Bxe3 21. fxe3 f6 22. Ke2 Kf7 23. Rgc1 Rhb8 24. Rc6 Nc8 25. Ra6 Ra7 26. Rc1 Rab7 27. Rxa5 Nd6 28. Rc6 Rxb5 29. Ra7 R8b7 30. Ra8 Rh5 31. b4 Rxh2+ 32. Kf3 e5 33. Nc5 Rxb4 34. Rxd6 exd6 35. Ra7+ Ke8 36. Nd7 Rh3+ 37. Ke2 f5 38. Nf6+ Kd8 39. Nd5 Rb5 40. Nc7 Rb3 41. Nd5 e4 42. Ra8+ Kd7 43. Ra7+ Kc6 44. Ne7+ Kc5 45. Rc7+ Kb4 46. Nc6+ Ka3 47. Ra7+ Kb2 48. Nd4 Rh2+ 49. Kf1 Rxe3 0-1

[Event "CRO-chT2 Center"]
[Site "Zagreb"]
[Date "2012.03.18"]
[Round "1.52"]
[White "Gabre, Zeljko"]
[Black "Samovojska, Damir"]
[Result "1/2-1/2"]
[WhiteElo "2174"]
[BlackElo "2257"]
[PlyCount "112"]
[EventDate "2012.03.18"]
[EventType "team-swiss"]
[EventRounds "11"]
[EventCountry "CRO"]
[SourceTitle "EXT 2014"]
[Source "ChessBase"]
[SourceDate "2013.11.20"]
[SourceVersion "1"]
[SourceVersionDate "2013.11.20"]
[SourceQuality "1"]

1. e4 e6 2. d4 d5 3. e5 c5 4. c3 Bd7 5. Nf3 Qb6 6. Be2 Bb5 7. 0-0 Bxe2 8. Qxe2 Nc6 9. dxc5 Bxc5 10. b4 Be7 11. a4 Qc7 12. Na3 a6 13. Re1 Nh6 14. Bxh6 gxh6 15. Nc2 Rg8 16. c4 Nxb4 17. Nxb4 Bxb4 18. Rec1 d4 19. Nxd4 0-0-0 20. Rab1 Rxd4 21. Rxb4 Qc6 22. g3 Rgd8 23. Rcb1 R8d7 24. Rb6 Qxc4 25. Qe3 Kb8 26. Rd6 R7xd6 27. exd6 Rxd6 28. Rc1 Qd4 29. Qxh6 Qd2 30. Qf8+ Rd8 31. Qc5 Qd7 32. Qb4 e5 33. Rb1 Qc7 34. Qe4 f6 35. h4 Rd4 36. Qf3 Rxa4 37. Qxf6 e4 38. Qe6 Rc4 39. Re1 Rc1 40. Qxe4 Rxe1+ 41. Qxe1 a5 42. Qe4 Ka7 43. g4 b5 44. g5 a4 45. Qe3+ Ka6 46. h5 Qd7 47. Qf3 b4 48. g6 hxg6 49. hxg6 a3 50. Qf6+ Kb5 51. Qg5+ Ka4 52. g7 a2 53. Qf6 Qg4+ 54. Kh2 Ka3 55. Qe5 Qh4+ 56. Kg2 Qg4+ 1/2-1/2

[Event "CRO-Cup 20th"]
[Site "Sibenik"]
[Date "2011.05.20"]
[Round "4.102"]
[White "Gabre, Zeljko"]
[Black "Pandurevic, Miro"]
[Result "1-0"]
[WhiteElo "2121"]
[BlackElo "2286"]
[PlyCount "79"]
[EventDate "2011.05.18"]
[EventType "team-swiss"]
[EventRounds "6"]
[EventCountry "CRO"]
[SourceTitle "CBM 142 Extra"]
[Source "ChessBase"]
[SourceDate "2011.06.27"]
[SourceVersion "1"]
[SourceVersionDate "2011.06.27"]
[SourceQuality "1"]
[WhiteTeam "Zagreb Ericsson Tesla"]
[BlackTeam "Ilok"]
[WhiteTeamCountry "CRO"]
[BlackTeamCountry "CRO"]

1. e4 e6 2. d4 d5 3. e5 c5 4. c3 Qb6 5. Nf3 Bd7 6. Be2 Bb5 7. dxc5 Bxc5 8. 0-0 Bxe2 9. Qxe2 a5 10. Nbd2 a4 11. c4 Qa6 12. Re1 Ne7 13. Ng5 h6 14. Qh5 0-0 15. Ngf3 Qb6 16. Re2 Ng6 17. Nf1 Re8 18. cxd5 exd5 19. Ng3 Nd7 20. Bd2 Re6 21. Rae1 Rae8 22. Nf5 Ngxe5 23. Nxe5 Nxe5 24. Be3 Ng6 25. Bxc5 Qxc5 26. g3 Qb6 27. Qg4 Qa6 28. Nd4 Rxe2 29. Rxe2 Rxe2 30. Nxe2 Qd3 31. Nd4 Qb1+ 32. Kg2 Qxb2 33. h4 Qxa2 34. h5 Nf8 35. Nf5 Ne6 36. Nxh6+ Kf8 37. Qb4+ Ke8 38. Nf5 Nc5 39. Qxc5 Qe2 40. Qc8# 1-0

[Event "CRO-Cup 20th"]
[Site "Sibenik"]
[Date "2011.05.18"]
[Round "1.92"]
[White "Filipovic, Branko"]
[Black "Gabre, Zeljko"]
[Result "1-0"]
[WhiteElo "2409"]
[BlackElo "2121"]
[PlyCount "83"]
[EventDate "2011.05.18"]
[EventType "team-swiss"]
[EventRounds "6"]
[EventCountry "CRO"]
[SourceTitle "CBM 142 Extra"]
[Source "ChessBase"]
[SourceDate "2011.06.27"]
[SourceVersion "1"]
[SourceVersionDate "2011.06.27"]
[SourceQuality "1"]
[WhiteTeam "Sibenik"]
[BlackTeam "Zagreb Ericsson Tesla"]
[WhiteTeamCountry "CRO"]
[BlackTeamCountry "CRO"]

1. e4 g6 2. d4 Bg7 3. Nc3 d6 4. f4 Nf6 5. Nf3 0-0 6. e5 Ng4 7. h3 Nh6 8. Be3 c5 9. dxc5 Nf5 10. Bf2 dxe5 11. Qxd8 Rxd8 12. Nxe5 Nc6 13. Nxc6 bxc6 14. g4 Nd4 15. 0-0-0 Be6 16. Bg2 Rab8 17. Rhe1 Bc4 18. b3 Ba6 19. Nd5 Rxd5 20. Bxd5 Ne2+ 21. Rxe2 Bxe2 22. Rd2 cxd5 23. Rxe2 e6 24. Kd2 a5 25. Kd3 Kf8 26. c3 Ke7 27. Bd4 Bf8 28. b4 axb4 29. Rb2 Ra8 30. cxb4 Ra3+ 31. Rb3 Rxa2 32. b5 Kd8 33. b6 Rh2 34. b7 Rxh3+ 35. Be3 Rxe3+ 36. Kxe3 Bxc5+ 37. Kf3 Bd6 38. b8Q+ Bxb8 39. Rxb8+ Ke7 40. Rh8 h5 41. gxh5 gxh5 42. Rxh5 1-0

[Event "CRO-chT2 Center"]
[Site "Zagreb"]
[Date "2010.03.28"]
[Round "4.34"]
[White "Gabre, Zeljko"]
[Black "Jelecevic, Ivo"]
[Result "1/2-1/2"]
[WhiteElo "2119"]
[BlackElo "2180"]
[PlyCount "157"]
[EventDate "2010.03.21"]
[EventType "team-tourn"]
[EventRounds "11"]
[EventCountry "CRO"]
[SourceTitle "EXT 2012"]
[Source "ChessBase"]
[SourceDate "2011.11.24"]
[SourceVersion "1"]
[SourceVersionDate "2011.11.24"]
[SourceQuality "1"]

1. e4 c5 2. Nf3 d6 3. c3 Nf6 4. Be2 Nc6 5. d4 cxd4 6. cxd4 Qa5+ 7. Nc3 Nxe4 8. d5 Nxc3 9. bxc3 Nb8 10. 0-0 g6 11. Qd4 Rg8 12. Bd2 Qc5 13. Qh4 Qxd5 14. Nd4 e5 15. Rfe1 h5 16. Nb5 Na6 17. Rad1 Be6 18. Be3 Qc6 19. Nxa7 Be7 20. Qg3 h4 21. Nxc6 hxg3 22. Nxe7 gxf2+ 23. Bxf2 Kxe7 24. Rb1 Rgb8 25. Bf3 Nc7 26. c4 Rxa2 27. c5 Nd5 28. Rbd1 Nc3 29. cxd6+ Kd7 30. Rc1 e4 31. Bd1 Nxd1 32. Rexd1 Ke8 33. Bb6 Rba8 34. Bd4 R2a6 35. Be5 Rc6 36. Rb1 b6 37. Kf2 Ra3 38. Rb2 Kd7 39. Rdb1 Ra2 40. Rxa2 Bxa2 41. Ra1 Rc2+ 42. Ke3 b5 43. Kxe4 Rxg2 44. Rc1 Bc4 45. Bg3 Re2+ 46. Kd4 f5 47. Kc5 g5 48. Ra1 Ba2 49. Be1 Rc2+ 50. Kxb5 Kxd6 51. h4 gxh4 52. Bxh4 Bc4+ 53. Kb4 f4 54. Re1 Kd5 55. Re8 Bd3 56. Bf6 f3 57. Re5+ Kd6 58. Re3 Be2 59. Be5+ Kd5 60. Bg3 Rc4+ 61. Kb3 Rc8 62. Re7 Rg8 63. Bf2 Rg2 64. Ba7 f2 65. Bxf2 Rxf2 66. Kc3 Bg4 67. Re8 Be6 68. Rh8 Rf3+ 69. Kd2 Ra3 70. Rh5+ Kd4 71. Rh4+ Ke5 72. Rh5+ Bf5 73. Rh8 Be4 74. Re8+ Kd4 75. Rd8+ Bd5 76. Rh8 Ra2+ 77. Kc1 Rg2 78. Rd8 Kc3 79. Rxd5 1/2-1/2

[Event "CRO-chT2b"]
[Site "Croatia"]
[Date "2009.10.18"]
[Round "7"]
[White "Gabre, Zeljko"]
[Black "Cop, Tomislav"]
[Result "0-1"]
[WhiteElo "2134"]
[BlackElo "2276"]
[PlyCount "152"]
[EventDate "2009.03.01"]
[EventType "team-tourn"]
[EventRounds "11"]
[EventCountry "CRO"]
[SourceTitle "EXT 2011"]
[Source "ChessBase"]
[SourceDate "2010.11.26"]
[SourceVersion "1"]
[SourceVersionDate "2010.11.26"]
[SourceQuality "1"]

1. e4 c6 2. d4 d5 3. e5 Bf5 4. Bd3 Bxd3 5. Qxd3 e6 6. Ne2 Qa5+ 7. c3 Qa6 8. Qxa6 Nxa6 9. Be3 c5 10. Kd2 Rc8 11. Rc1 Ne7 12. Na3 Nc6 13. Nb5 cxd4 14. cxd4 Nab8 15. Nf4 a6 16. Nc3 Na5 17. b3 Ba3 18. Rc2 b5 19. Nd3 Kd7 20. Kd1 Nbc6 21. Nb1 Be7 22. Nd2 Nb4 23. Nxb4 Bxb4 24. Nf3 Rxc2 25. Kxc2 Rc8+ 26. Kd1 Nc6 27. Bd2 Be7 28. Rc1 f6 29. exf6 gxf6 30. Bf4 Bd8 31. Be3 Bb6 32. Rc2 Rg8 33. g3 Rg4 34. h3 Rg8 35. Ke2 Ne7 36. g4 Nc6 37. a3 Bc7 38. Kd3 Bd6 39. Ra2 a5 40. Bd2 Ra8 41. Ne1 a4 42. b4 e5 43. Nc2 e4+ 44. Ke2 h5 45. Ra1 hxg4 46. hxg4 Rg8 47. Bc3 Rxg4 48. Ne3 Rg5 49. Rh1 Be7 50. Nc2 Rg8 51. Bd2 Nd8 52. Rh5 Ke6 53. Ne3 Rg5 54. Rh7 Nc6 55. Bc3 Rg1 56. Rh5 Rg5 57. Rh1 Nd8 58. Bd2 Nc6 59. Nc2 Rg8 60. Be3 Rc8 61. Kd2 Nd8 62. Rh5 Nf7 63. Bf4 Rc4 64. Rh7 Bd6 65. Be3 f5 66. Rh4 Be7 67. Rh5 Bf6 68. Rh7 Rc8 69. Ne1 Rh8 70. Rxh8 Nxh8 71. Nc2 Ng6 72. Bh6 f4 73. Ke2 Kf5 74. f3 Nh4 75. fxe4+ Kxe4 76. Ne1 Nf5 0-1

[Event "Zagreb op-B"]
[Site "Zagreb"]
[Date "2009.03.26"]
[Round "6"]
[White "Gabre, Zeljko"]
[Black "Padjen, Zdenko"]
[Result "1-0"]
[WhiteElo "2145"]
[BlackElo "2045"]
[PlyCount "24"]
[EventDate "2009.03.21"]
[EventType "swiss"]
[EventRounds "9"]
[EventCountry "CRO"]
[SourceTitle "CBM 129 Extra"]
[Source "ChessBase"]
[SourceDate "2009.05.05"]
[SourceVersion "2"]
[SourceVersionDate "2009.05.20"]
[SourceQuality "1"]

1. e4 Nf6 2. Nc3 d5 3. e5 Ne4 4. Qf3 Nxc3 5. dxc3 c6 6. Bd3 Qb6 7. Qg3 Nd7 8. e6 Nc5 9. exf7+ Kxf7 10. Nf3 Nxd3+ 11. cxd3 e6 12. Ng5+ Ke8 1-0

[Event "CRO-chT1B 17th"]
[Site "Sibenik"]
[Date "2008.10.05"]
[Round "9"]
[White "Gabre, Zeljko"]
[Black "Biliskov, Vjekoslav"]
[Result "0-1"]
[WhiteElo "2159"]
[BlackElo "2295"]
[PlyCount "86"]
[EventDate "2008.09.27"]
[EventType "team"]
[EventRounds "9"]
[EventCountry "CRO"]
[SourceTitle "CBM 126 Extra"]
[Source "ChessBase"]
[SourceDate "2008.11.05"]
[SourceVersion "1"]
[SourceVersionDate "2008.11.05"]
[SourceQuality "1"]

1. e4 c5 2. Nf3 d6 3. c3 Nf6 4. Be2 Bd7 5. d3 e6 6. Nbd2 Bc6 7. Qc2 Be7 8. 0-0 0-0 9. Re1 Nbd7 10. Bf1 b6 11. Nc4 b5 12. Ncd2 a6 13. b3 Qc7 14. Bb2 Rfe8 15. Rad1 Rac8 16. c4 Ne5 17. Nxe5 dxe5 18. Nf3 Nd7 19. Qc1 Bf6 20. h3 g6 21. Nh2 Bg7 22. Qa1 f6 23. g3 Bb7 24. h4 Nb8 25. Ng4 Nc6 26. Rc1 b4 27. Qb1 Nd4 28. Bxd4 exd4 29. Nh2 f5 30. Bg2 Qd8 31. Rc2 f4 32. Qd1 Rc7 33. Bh3 Rf7 34. Nf3 Bc8 35. g4 e5 36. Kh2 a5 37. Rg1 a4 38. Qf1 axb3 39. axb3 Ra7 40. g5 Bxh3 41. Qxh3 Qc8 42. Qg2 Ra3 43. Rb2 Qe6 0-1

[Event "CRO-chT1B 17th"]
[Site "Sibenik"]
[Date "2008.10.03"]
[Round "7"]
[White "Gabre, Zeljko"]
[Black "Bender, Ivan"]
[Result "0-1"]
[WhiteElo "2159"]
[BlackElo "2302"]
[PlyCount "104"]
[EventDate "2008.09.27"]
[EventType "team"]
[EventRounds "9"]
[EventCountry "CRO"]
[SourceTitle "CBM 126 Extra"]
[Source "ChessBase"]
[SourceDate "2008.11.05"]
[SourceVersion "1"]
[SourceVersionDate "2008.11.05"]
[SourceQuality "1"]

1. e4 c5 2. Nf3 d6 3. c3 Nf6 4. Be2 Bd7 5. d3 c4 6. e5 cxd3 7. Bxd3 dxe5 8. Nxe5 e6 9. 0-0 Be7 10. Nxd7 Nbxd7 11. Bf4 0-0 12. Nd2 Nc5 13. Bc2 Nd3 14. Bg5 h6 15. Bxf6 Bxf6 16. Nc4 Nf4 17. Qg4 Qc7 18. Ne3 h5 19. Qf3 h4 20. Ng4 Be7 21. Rfe1 Rad8 22. Ne5 Rd2 23. Rac1 Bc5 24. Qxf4 Rxf2 25. Qxf2 Bxf2+ 26. Kxf2 Qb6+ 27. Kf1 Qxb2 28. Bb3 Qa3 29. Rc2 a5 30. Rf2 a4 31. Bc4 Qxc3 32. Rf4 Rc8 33. Rxh4 Rc5 34. Rh3 Qd4 35. Rd3 Qf4+ 36. Rf3 Qd4 37. Rd3 Qf4+ 38. Rf3 Qxh2 39. Rh3 Qf4+ 40. Rf3 Qd4 41. Rd3 Qf4+ 42. Rf3 Qh4 43. Rh3 Qe7 44. Bd3 Rxe5 45. Rc1 Rc5 46. Rd1 g6 47. Be4 f5 48. Bd3 e5 49. Be2 e4 50. Kf2 Rc2 51. Kf1 Kg7 52. Rb1 Qc7 0-1

[Event "CRO-chT1B 17th"]
[Site "Sibenik"]
[Date "2008.10.02"]
[Round "6"]
[White "Medak, Bojan"]
[Black "Gabre, Zeljko"]
[Result "1-0"]
[WhiteElo "2364"]
[BlackElo "2159"]
[PlyCount "67"]
[EventDate "2008.09.27"]
[EventType "team"]
[EventRounds "9"]
[EventCountry "CRO"]
[SourceTitle "CBM 126 Extra"]
[Source "ChessBase"]
[SourceDate "2008.11.05"]
[SourceVersion "1"]
[SourceVersionDate "2008.11.05"]
[SourceQuality "1"]

1. d4 g6 2. e4 Bg7 3. Nc3 d6 4. Be3 Nf6 5. f3 0-0 6. Qd2 Nc6 7. 0-0-0 e5 8. Nge2 Nd7 9. h4 Nb6 10. b3 a5 11. a4 f5 12. dxe5 dxe5 13. Qxd8 Rxd8 14. Rxd8+ Nxd8 15. Nb5 Ne6 16. Nxc7 Nxc7 17. Bxb6 Ne8 18. Nc3 Be6 19. Be2 Bf8 20. Rd1 Rc8 21. Kb2 Be7 22. h5 gxh5 23. Nd5 Bf8 24. Bxa5 Nd6 25. Bc3 Nf7 26. exf5 Bxf5 27. Nf6+ Kh8 28. Nxh5 Bb4 29. Bc4 Bxc3+ 30. Kxc3 Be6 31. Kb4 Bxc4 32. bxc4 Kg8 33. Rd7 Kf8 34. c5 1-0

[Event "CRO-chT1B 17th"]
[Site "Sibenik"]
[Date "2008.10.01"]
[Round "5"]
[White "Gabre, Zeljko"]
[Black "Loncar, Robert"]
[Result "0-1"]
[WhiteElo "2159"]
[BlackElo "2446"]
[PlyCount "93"]
[EventDate "2008.09.27"]
[EventType "team"]
[EventRounds "9"]
[EventCountry "CRO"]
[SourceTitle "CBM 126 Extra"]
[Source "ChessBase"]
[SourceDate "2008.11.05"]
[SourceVersion "1"]
[SourceVersionDate "2008.11.05"]
[SourceQuality "1"]

1. e4 c5 2. Nf3 e6 3. c3 d5 4. e5 d4 5. cxd4 cxd4 6. Qa4+ Nc6 7. Bb5 Bd7 8. 0-0 Bc5 9. d3 a6 10. Bxc6 Bxc6 11. Qd1 Ne7 12. Bg5 h6 13. Bxe7 Qxe7 14. Nbd2 0-0 15. Re1 Rfd8 16. Ne4 Rac8 17. a3 Bd5 18. Qd2 Qd7 19. Qf4 Qb5 20. b4 Be7 21. Rad1 Bb3 22. Rd2 Rc2 23. g4 Rxd2 24. Qxd2 Bd5 25. g5 hxg5 26. Nfxg5 Bxe4 27. Rxe4 Rc8 28. Nf3 Rc3 29. Rxd4 Rxa3 30. Qc2 Qc6 31. Qxc6 bxc6 32. Rd7 Kf8 33. Nd4 Rc3 34. Rc7 Bxb4 35. Rc8+ Ke7 36. Rxc6 Bc5 37. Rc7+ Kd8 38. Nxe6+ fxe6 39. Rxg7 Rxd3 40. Kg2 Rd2 41. Rf7 Ke8 42. Rf4 a5 43. Rc4 Bxf2 44. Kf3 Bd4 45. Ke4 Rxh2 46. Rc6 Rh4+ 47. Kd3 0-1

[Event "CRO-chT1B 17th"]
[Site "Sibenik"]
[Date "2008.09.29"]
[Round "3"]
[White "Gabre, Zeljko"]
[Black "Franic, Milan"]
[Result "0-1"]
[WhiteElo "2159"]
[BlackElo "2398"]
[PlyCount "140"]
[EventDate "2008.09.27"]
[EventType "team"]
[EventRounds "9"]
[EventCountry "CRO"]
[SourceTitle "CBM 126 Extra"]
[Source "ChessBase"]
[SourceDate "2008.11.05"]
[SourceVersion "1"]
[SourceVersionDate "2008.11.05"]
[SourceQuality "1"]

1. e4 c5 2. Nf3 d6 3. c3 Nf6 4. Be2 Nbd7 5. d3 b6 6. 0-0 Bb7 7. Re1 g6 8. Nbd2 Bg7 9. Nf1 0-0 10. Bg5 Qc7 11. Qd2 Rfe8 12. Ng3 d5 13. Bf1 e5 14. Bh6 Bh8 15. h3 Rad8 16. Rad1 c4 17. exd5 cxd3 18. Bxd3 Bxd5 19. Qc2 Bxa2 20. b3 Nc5 21. Bc4 Rxd1 22. Rxd1 b5 23. Bxf7+ Qxf7 24. Qxa2 e4 25. Ng5 Qxb3 26. Qxb3+ Nxb3 27. Rb1 Nc5 28. Rxb5 Nfd7 29. Ne2 a6 30. Ra5 Rb8 31. Nd4 Rb1+ 32. Kh2 Rb2 33. Nge6 Be5+ 34. g3 Bxd4 35. Nxd4 Rxf2+ 36. Kg1 Rf6 37. Be3 Kf7 38. Ne2 Nb7 39. Ra2 Rc6 40. Bd4 Nd6 41. Kf2 Nc4 42. Ra4 a5 43. g4 Ke6 44. Kg3 Kd5 45. Ra1 Nde5 46. Nf4+ Kd6 47. Rd1 a4 48. Bxe5+ Kxe5 49. Rd5+ Kf6 50. g5+ Ke7 51. Rb5 a3 52. Rb7+ Kd6 53. Ra7 Rc5 54. Ra6+ Kd7 55. Ra7+ Kc8 56. Ra4 Kb8 57. Ne6 Ra5 58. Rb4+ Ka7 59. Nd4 Rc5 60. Nb3 Rxg5+ 61. Kf4 Rf5+ 62. Kxe4 Nb6 63. Nc1 Rf1 64. Rb1 Rd1 65. Ra1 Nc4 66. Nb3 Rxa1 67. Nxa1 Kb6 68. Kd5 Kb5 69. Ke6 Ne3 70. Kf6 Kc4 0-1

[Event "CRO-chT1B 17th"]
[Site "Sibenik"]
[Date "2008.09.28"]
[Round "2"]
[White "Radulovic, Bojan"]
[Black "Gabre, Zeljko"]
[Result "1-0"]
[WhiteElo "2302"]
[BlackElo "2159"]
[PlyCount "85"]
[EventDate "2008.09.27"]
[EventType "team"]
[EventRounds "9"]
[EventCountry "CRO"]
[SourceTitle "CBM 126 Extra"]
[Source "ChessBase"]
[SourceDate "2008.11.05"]
[SourceVersion "1"]
[SourceVersionDate "2008.11.05"]
[SourceQuality "1"]

1. e4 g6 2. d4 Bg7 3. Be3 d6 4. Bd3 Nf6 5. f3 0-0 6. Ne2 Nc6 7. c3 e5 8. d5 Ne7 9. g4 Nd7 10. Ng3 c6 11. c4 cxd5 12. cxd5 Qa5+ 13. Nc3 Nc5 14. Bc2 b5 15. Qd2 Ba6 16. a3 Qc7 17. b4 Nd7 18. Bd3 Rab8 19. a4 Rfc8 20. Nxb5 Bxb5 21. Bxb5 f5 22. gxf5 gxf5 23. Nh5 f4 24. Bf2 Ng6 25. Ba6 Qc3 26. Qxc3 Rxc3 27. Bb5 Nb6 28. Nxg7 Kxg7 29. Be2 Rc2 30. a5 Nc4 31. Bd3 Rc3 32. Bxc4 Rxc4 33. Bxa7 Rbxb4 34. 0-0 Nh4 35. Bb6 Rb2 36. Rf2 Rxf2 37. Bxf2 Nxf3+ 38. Kg2 Ng5 39. a6 f3+ 40. Kf1 Rc2 41. a7 Nxe4 42. Be3 Rxh2 43. a8Q 1-0

[Event "Zagreb op-B"]
[Site "Zagreb"]
[Date "2008.05.17"]
[Round "6"]
[White "Cupic, Lovro"]
[Black "Gabre, Zeljko"]
[Result "0-1"]
[WhiteElo "1940"]
[BlackElo "2187"]
[PlyCount "105"]
[EventDate "2008.05.12"]
[EventType "swiss"]
[EventRounds "9"]
[EventCountry "CRO"]
[SourceTitle "CBM 124 Extra"]
[Source "ChessBase"]
[SourceDate "2008.07.03"]
[SourceVersion "1"]
[SourceVersionDate "2008.07.03"]
[SourceQuality "1"]

1. e4 g6 2. d4 Bg7 3. Nc3 d6 4. f4 Nf6 5. Nf3 0-0 6. Be3 c6 7. Bd3 Ng4 8. Bg1 b5 9. h3 Nf6 10. Bf2 b4 11. Ne2 Nbd7 12. 0-0 c5 13. c3 bxc3 14. Nxc3 cxd4 15. Nxd4 Nc5 16. Bc2 Bb7 17. Re1 Rb8 18. Nb3 Nxb3 19. Bxb3 Qa5 20. Qd4 Nxe4 21. Qxa7 Bxc3 22. bxc3 Qxc3 23. Rac1 Qf6 24. Bd4 e5 25. fxe5 dxe5 26. Rf1 Qd6 27. Bb2 Ng3 28. Ba3 Ne2+ 29. Kf2 Qa6 30. Qxa6 Bxa6 31. Bxf8 Nxc1 32. Rxc1 Kxf8 33. Rc6 Bb5 34. Rc5 f6 35. Rc7 Be8 36. Rxh7 Rd8 37. Ke3 Rc8 38. Ba4 Kg8 39. Rh4 Bf7 40. Bb3 Bxb3 41. axb3 Rc3+ 42. Ke4 Rxb3 43. Kd5 g5 44. Rc4 Kf7 45. Ke4 Rg3 46. Kf5 Rd3 47. Ke4 Rd2 48. g4 Rf2 49. Ke3 Rf4 50. Rxf4 exf4+ 51. Kf3 Kg6 52. Ke4 Kh6 53. Kd4 0-1

[Event "Zagreb op-B"]
[Site "Zagreb"]
[Date "2008.05.17"]
[Round "7"]
[White "Gabre, Zeljko"]
[Black "Vukovic, Ivo"]
[Result "0-1"]
[WhiteElo "2187"]
[BlackElo "2243"]
[PlyCount "138"]
[EventDate "2008.05.12"]
[EventType "swiss"]
[EventRounds "9"]
[EventCountry "CRO"]
[SourceTitle "CBM 124 Extra"]
[Source "ChessBase"]
[SourceDate "2008.07.03"]
[SourceVersion "1"]
[SourceVersionDate "2008.07.03"]
[SourceQuality "1"]

1. e4 d6 2. d4 Nf6 3. Bd3 e5 4. c3 Be7 5. Ne2 c5 6. dxe5 dxe5 7. 0-0 0-0 8. Bg5 Nc6 9. Na3 Be6 10. Ng3 h6 11. Bxf6 Bxf6 12. Bc4 Qxd1 13. Raxd1 Rfd8 14. Bxe6 fxe6 15. Ne2 Rxd1 16. Rxd1 Rd8 17. Rxd8+ Bxd8 18. Nc1 Kf7 19. Nd3 b6 20. Nc4 Bc7 21. a4 Kf6 22. Kf1 g5 23. Ke2 a6 24. a5 b5 25. Nb6 c4 26. Nc5 Nxa5 27. Na8 Bd6 28. Nxa6 Nc6 29. N8c7 Na7 30. Ne8+ Ke7 31. Nxd6 Kxd6 32. Kf3 h5 33. h4 gxh4 34. Ke2 Nc8 35. Ke3 Ne7 36. f4 Ng6 37. f5 Nf4 38. Kf3 exf5 39. exf5 Nd3 40. f6 Ne1+ 41. Kf2 Nd3+ 42. Kf3 Ke6 43. Nc7+ Kxf6 44. Nxb5 Nxb2 45. Ke4 Nd1 46. Nd6 Nxc3+ 47. Kf3 Ke6 48. Nxc4 Nb5 49. Ne3 Nd6 50. Nc2 Nf7 51. Ke3 Kf5 52. Ne1 Ng5 53. Nc2 h3 54. gxh3 Nxh3 55. Kf3 Ng5+ 56. Kg3 Ne4+ 57. Kf3 Nd2+ 58. Kg3 Kg5 59. Ne1 e4 60. Nc2 Nc4 61. Kf2 Kg4 62. Nd4 h4 63. Ne2 h3 64. Kg1 Ne5 65. Kf2 Nd3+ 66. Kg1 Nf4 67. Nd4 e3 68. Nc2 e2 69. Kf2 h2 0-1

[Event "CRO-chT 16th"]
[Site "Sibenik"]
[Date "2007.05.17"]
[Round "1"]
[White "Sulava, Nenad"]
[Black "Gabre, Zeljko"]
[Result "1-0"]
[WhiteElo "2549"]
[BlackElo "2190"]
[PlyCount "75"]
[EventDate "2007.05.17"]
[EventType "team"]
[EventRounds "5"]
[EventCountry "CRO"]
[SourceTitle "CBM 118 Extra"]
[Source "ChessBase"]
[SourceDate "2007.07.04"]
[SourceVersion "1"]
[SourceVersionDate "2007.07.04"]
[SourceQuality "1"]

1. d4 Nf6 2. Nf3 g6 3. Nc3 Bg7 4. e4 d6 5. Be3 0-0 6. Qd2 Bg4 7. 0-0-0 c5 8. dxc5 Qa5 9. Kb1 Nc6 10. Nd5 Qa4 11. Nc3 Qa5 12. Bc4 Qb4 13. Bb3 dxc5 14. a3 Qa5 15. Bh6 Bxf3 16. gxf3 Nd4 17. e5 Nh5 18. Bxg7 Kxg7 19. Qe3 Nf5 20. Qe4 b5 21. Rhg1 e6 22. Ne2 c4 23. Ba2 Kg8 24. Ng3 Nhg7 25. Qf4 Nxg3 26. hxg3 Rad8 27. Rd6 Nf5 28. Rxd8 Rxd8 29. g4 Ng7 30. c3 Qc7 31. Rh1 Rd5 32. Qh6 Qxe5 33. Qxh7+ Kf8 34. Ka1 Ne8 35. Bb1 Qg7 36. Qh2 g5 37. Qb8 Qe5 38. Qa8 1-0

[Event "CRO-chT2 Center"]
[Site "Zagreb"]
[Date "2005.05.22"]
[Round "6.3"]
[White "Gabre, Zeljko"]
[Black "Kalajzic, Ivan"]
[Result "1/2-1/2"]
[WhiteElo "2193"]
[BlackElo "2161"]
[PlyCount "61"]
[EventDate "2005.04.03"]
[EventType "team-tourn"]
[EventRounds "11"]
[EventCountry "CRO"]
[SourceTitle "EXT 2007"]
[Source "ChessBase"]
[SourceDate "2006.11.23"]
[SourceVersion "1"]
[SourceVersionDate "2006.11.23"]
[SourceQuality "1"]

1. e4 c5 2. Nf3 e6 3. c3 Nf6 4. Bd3 Nc6 5. 0-0 Qc7 6. Re1 d6 7. Bc2 e5 8. h3 Bd7 9. Na3 a6 10. Nc4 b5 11. Ne3 g6 12. Nd5 Nxd5 13. exd5 Nd8 14. d4 f6 15. a4 cxd4 16. cxd4 Rc8 17. Bb3 Be7 18. Bd2 Nf7 19. axb5 Bxb5 20. Rc1 Qd7 21. Rxc8+ Qxc8 22. Ba5 0-0 23. dxe5 fxe5 24. Nd4 exd4 25. Rxe7 Ne5 26. Qxd4 Qc1+ 27. Kh2 Qg5 28. Qa7 Qf4+ 29. Kh1 Qc1+ 30. Kh2 Qf4+ 31. Kh1 1/2-1/2